La composición orgánica del capital (Registro nro. 24424)
[ vista simple ]
| 000 -LEADER | |
|---|---|
| fixed length control field | 00331 a2200109 4500 |
| 001 - CONTROL NUMBER | |
| control field | ART_8761 |
| 005 - DATE AND TIME OF LATEST TRANSACTION | |
| control field | 20260410161845.0 |
| 008 - FIXED-LENGTH DATA ELEMENTS--GENERAL INFORMATION | |
| fixed length control field | 260409a |
| 100 1# - MAIN ENTRY--PERSONAL NAME | |
| Personal name | Robinson, Joan |
| 245 10 - TITLE STATEMENT | |
| Title | La composición orgánica del capital |
| 773 0# - HOST ITEM ENTRY | |
| Title | El trimestre económico |
| Related parts | - Vol. XLVI, Nº 183 (jul./set. 1979) |
| Record control number | REV6933 |
No hay ítems disponibles.